Land Acquisition Act 1960 (Act 468) & Rules : (as at 5th February 2001)

Bibliographic Details
Corporate Author: Malaysia
Format: Book
Language:English
Published: Kuala Lumpur : International Law Book Services 2001
Series:Laws of Malaysia
Subjects:

MARC

LEADER 00000cam a2200000 7i4500
001 0000009891
005 20241007.0
008 020306 my eng
020 |a 9678911345 (pbk) 
040 |a INS   |b eng   |e rda 
090 0 0 |a KPG2544.31960.A4   |b M34 2001 
110 1 |a Malaysia 
245 1 0 |a Land Acquisition Act 1960 (Act 468) & Rules :   |b (as at 5th February 2001)   |c Complied by Legal Research Board 
264 1 |a Kuala Lumpur :   |b International Law Book Services   |c 2001 
264 4 |c ©2001 
300 |a 76 pages ;   |c 25 cm. 
336 |a text  |2 rdacontent 
337 |a unmediated  |2 rdamedia 
338 |a volume  |2 rdacarrier 
490 0 |a Laws of Malaysia 
650 0 |a Compensation (law)   |z Malaysia 
650 0 |a Eminent domain   |z Malaysia 
650 0 |a Land acquisition and compensation   |z malaysia 
650 0 |a Land tenure   |x Law and legislation   |z Malaysia 
999 |a 0000008784   |b BOOK   |c Acts   |e Default branch 
999 |a 0000008785   |b BOOK   |c Acts   |e Default branch 
999 |a 0000008786   |b BOOK   |c Acts   |e Default branch